00775nam a22002057a 450000500170000001000150001702000270003203500140005903700140007308200200008710000260010724500600013326000630019327000550025630000190031170000290033094200310035999900190039095201600040920251007113858.0 aENG-146961 c3000.00a9788195553396 aEN-130493 bDBADaDPL a910.9169305421 aShyamli Singh 985394 aThe Elusive Ganga/cShyamli Singh [and] Vinod K. Sharma aNew DelhibIndian Institute of Public Administrationc2024 aIndraprastha Estate, Ring Road bNew Delhie110002 avpp.c29cm(Hb) aSharma, Vinod K. 985247 2ddccENh910.91693054mSHY c213589d213589 001040718REFaLbLd2025-10-07eDelivery of Books Act Divisiong3000.00l0o910.91693054 SHYpEN-130493r2025-10-07 00:00:00t1v3000.00w2025-10-07yEN